000
00293nam a22001337a 4500
008
170324b xxu||||| |||| 00| 0 eng d
020
_a
9780781793193
041
_a
eng
080
_a
615.83
100
_a
8
101
_a
SHM
245
_a
THERAPEUTIC MODALITIES
_c
KNIGHT.K.L
942
_2
udc
_c
BK
999
_c
8553
_d
8553